Malam Yahaya Hamza: an educational ICON a biography
Guardat en:
| Autor principal: | |
|---|---|
| Format: | Llibre |
| Idioma: | anglès |
| Publicat: |
Gamji Press & Publishers,
2014
|
| Etiquetes: |
Afegir etiqueta
Sense etiquetes, Sigues el primer a etiquetar aquest registre!
|
MARC
| LEADER | 00000nam a22000007a 4500 | ||
|---|---|---|---|
| 008 | 211216b ||||| |||| 00| 0 eng d | ||
| 020 | |a 978-978-941-062-0 | ||
| 100 | |a GOMA, Jibrin Ibrahim | ||
| 245 | |a Malam Yahaya Hamza: an educational ICON |b a biography |c Jibrin Ibrahim Goma |g xii, 433p.; ill. | ||
| 260 | |b Gamji Press & Publishers, |c 2014 |h Kaduna |i 691889 – Edu. |i 691890 |l DT515.77 .G58 |m Hamza Malam Yahaya, 1935 |m Educators – Nigeria – Biography. | ||
| 500 | |a “It includes index”. | ||
| 942 | |a lcc |c BK |e Ifatola J.O |f 16/12/2021 | ||
| 952 | |0 0 |1 0 |2 lcc |4 0 |6 DT051577 G58 |7 0 |9 3968 |a ED |b HOL |c AF |d 2021-12-16 |l 0 |o DT515.77 .G58 |p 2021-67691 |r 2021-12-16 00:00:00 |t 691889 – Edu. |w 2021-12-16 |y BK | ||
| 952 | |0 0 |1 0 |2 lcc |4 0 |6 DT051577 G58 |7 0 |9 3969 |a HOL |b HOL |c AF |d 2021-12-16 |l 0 |o DT515.77 .G58 |p 2021-67692 |r 2021-12-16 00:00:00 |t 691890 |w 2021-12-16 |y BK | ||
| 999 | |c 1992 |d 1992 | ||